<?xml version="1.0" encoding="UTF-8"?><?xml-stylesheet type="text/xsl" href="static/style.xsl"?><OAI-PMH xmlns="http://www.openarchives.org/OAI/2.0/" xmlns:xsi="http://www.w3.org/2001/XMLSchema-instance" xsi:schemaLocation="http://www.openarchives.org/OAI/2.0/ http://www.openarchives.org/OAI/2.0/OAI-PMH.xsd"><responseDate>2026-04-13T07:24:46Z</responseDate><request verb="GetRecord" identifier="oai:www.recercat.cat:2117/88466" metadataPrefix="marc">https://recercat.cat/oai/request</request><GetRecord><record><header><identifier>oai:recercat.cat:2117/88466</identifier><datestamp>2025-07-22T22:43:40Z</datestamp><setSpec>com_2072_1033</setSpec><setSpec>col_2072_452951</setSpec></header><metadata><record xmlns="http://www.loc.gov/MARC21/slim" xmlns:dcterms="http://purl.org/dc/terms/" xmlns:xsi="http://www.w3.org/2001/XMLSchema-instance" xmlns:doc="http://www.lyncode.com/xoai" xsi:schemaLocation="http://www.loc.gov/MARC21/slim http://www.loc.gov/standards/marcxml/schema/MARC21slim.xsd">
   <leader>00925njm 22002777a 4500</leader>
   <datafield ind2=" " ind1=" " tag="042">
      <subfield code="a">dc</subfield>
   </datafield>
   <datafield ind2=" " ind1=" " tag="720">
      <subfield code="a">Rodríguez Utrera, Sergi</subfield>
      <subfield code="e">author</subfield>
   </datafield>
   <datafield ind2=" " ind1=" " tag="260">
      <subfield code="c">2016-05</subfield>
   </datafield>
   <datafield ind2=" " ind1=" " tag="520">
      <subfield code="a">Measurement of permittivity of biological samples at microwave frequencies has proven useful for many purposes going from determining the state (ripeness) of a piece of fruit, to evaluating the presence of a cancer in a breast sample tissue. In this project a comparison between two methods (resonant cavities and coaxial probe) will be performed in order to asses its feasibility to be used in the diagnosis of colonorectal and liver cancer.</subfield>
   </datafield>
   <datafield ind2=" " ind1=" " tag="520">
      <subfield code="a">This thesis shows the capacity of a coaxial probe to measure permittivity in biological samples. The project’s aim is to study the optimal parameters which the coaxial probe has to have in order to perform measurements as accurately as possible. Some simulations are presented showing the little differences between the real measurements and simulated ones with Advanced Simulation Design (ADS) software. These measurements have been done in air and known materials at the beginning in order to check that the set-up worked properly and they have been finally performed in biological samples.</subfield>
   </datafield>
   <datafield ind2=" " ind1=" " tag="520">
      <subfield code="a">Esta tesis muestra la capacidad de una sonda coaxial para medir permitividad en muestras biológicas. El objetivo de este proyecto es estudiar los parámetros óptimos que la sonda debería tener para poder realizar medidas de la forma más precisa posible. Las medidas presentadas muestran las pequeñas diferencias entre las medidas hechas directamente en los materiales y las simuladas con el programa Advanced Simulation Design (ADS). Primeramente, estas medidas han sido realizadas en aire y materiales conocidos para así ser capaces de comprobar el correcto funcionamiento de la sonda y, de este modo, poder realizarlas en muestras biológicas.</subfield>
   </datafield>
   <datafield ind2=" " ind1=" " tag="520">
      <subfield code="a">Aquesta tesi mostra la capacitat d’una sonda coaxial de mesurar permitivitat en mostres biològiques. L’objectiu d’aquest projecte és estudiar els paràmetres òptims que la sonda hauria de tenir per poder realitzar mesures de la forma més acurada possible. Les mesures presentades mostren les petites diferencies entre les mesures fetes directament als materials i les simulades amb el programa Advanced Simulation Design (ADS). Primerament, aquestes mesures han sigut fetes en aire i materials coneguts per poder ser capaços de comprovar el correcte funcionament de la sonda i, d’aquesta manera, poder fer finalment les mesures en mostres biològiques.</subfield>
   </datafield>
   <datafield tag="653" ind2=" " ind1=" ">
      <subfield code="a">Àrees temàtiques de la UPC::Enginyeria de la telecomunicació</subfield>
   </datafield>
   <datafield tag="653" ind2=" " ind1=" ">
      <subfield code="a">Radio frequency</subfield>
   </datafield>
   <datafield tag="653" ind2=" " ind1=" ">
      <subfield code="a">Coaxial Probe</subfield>
   </datafield>
   <datafield tag="653" ind2=" " ind1=" ">
      <subfield code="a">Permittivity</subfield>
   </datafield>
   <datafield tag="653" ind2=" " ind1=" ">
      <subfield code="a">Sonda Coaxial</subfield>
   </datafield>
   <datafield tag="653" ind2=" " ind1=" ">
      <subfield code="a">ADS</subfield>
   </datafield>
   <datafield tag="653" ind2=" " ind1=" ">
      <subfield code="a">Permitividad</subfield>
   </datafield>
   <datafield tag="653" ind2=" " ind1=" ">
      <subfield code="a">Radiofreqüència</subfield>
   </datafield>
   <datafield ind2="0" ind1="0" tag="245">
      <subfield code="a">Methods for Measuring Permittivity of Biological Samples: Coaxial Probe</subfield>
   </datafield>
   <datafield ind2="0" ind1="0" tag="245">
      <subfield code="a">Métodos para Medir Permitividad en Muestras Biológicas</subfield>
   </datafield>
   <datafield ind2="0" ind1="0" tag="245">
      <subfield code="a">Mètodes per Mesurar Permitivitat en mostres biològiques</subfield>
   </datafield>
</record></metadata></record></GetRecord></OAI-PMH>